Why Why Why - Shawn Mendes - All Lyrics - Statistics

General Stats
  • This quiz has been taken 93 times
  • The average score is 178 of 229
Answer Stats
Answer % Correct
Why,
100%
why,
100%
why?
100%
why
100%
I
98%
a
95%
my
93%
the
90%
me
88%
to
88%
don't
85%
still
85%
I'm
83%
know
83%
know,
83%
and
80%
And
80%
be
80%
in
80%
father
78%
for
78%
head
78%
Everything
75%
everything
75%
her
75%
is
75%
mind
75%
But
73%
cry
73%
it
70%
it-
70%
kid
70%
like
70%
mother
70%
of
70%
same
70%
that
70%
was
70%
Sometimes
68%
again
65%
am,
65%
core,
65%
goes
65%
hurts
65%
nothin'
65%
out
65%
'round
65%
'round,
65%
Ease
63%
say
63%
thought
63%
up
63%
fuckin'
60%
here
60%
myself
60%
page
60%
Shook
60%
singin'
60%
about
58%
All
58%
naked
58%
songs
58%
there's
58%
with
58%
chose
55%
instead
55%
left
55%
new
53%
off
53%
went
53%
were
53%
Feels
50%
Visions
50%
journal
48%
lights
48%
Opened
48%
stage
45%
bed
40%
sheets,
35%
shakin'
33%
through
33%
Sweatin'
30%
stepped
28%
No matching quizzes found
Score Distribution
Percent of People with Each Score
Percentile by Number Answered
Your Score History
You have not taken this quiz